000 00867nam a2200181 i 4500
001 189299
003 ES-MaACL
005 20230906223436.0
008 190522s1859 sp |||| | spa d
100 1 _aPérez Moreno, Andrés.
_9167073
245 1 0 _aEstado de la industria minera en Asturias durante el año 1856 /
_cpor Andrés Pérez Moreno.
260 _a[S.l.] :
_b[s.n.],
_c1859 (
_eMadrid :
_fImp. Nacional)
300 _a47 p. ;
_c23 cm.
530 _aDisponible en formato digital.
650 4 _aMinería-
_zAsturias (Comunidad Autónoma)
_9167074
852 _aES-MaACL
_jB-8926(1)
_z.- Legado de Federico de Botella y de Hornos .- Encuadernado en un vol. facticio agrupado con el nombre en el lomo: España, geología, memorias y documentos varios 20 al 40
856 _uhttp://bdh-rd.bne.es/viewer.vm?id=0000049507&page=1
_zBiblioteca Digital Hispánica
999 _c189299
_d189299